000 00568nam a22002057a 4500
005 20251108173120.0
008 250721s2004 xx 000 0 ara d
082 1 4 _a211.85/صال
100 1 _aالصالح، محمد أديب
245 1 0 _aأدعياء الهيكل /
264 1 _aالرياض :
_bالعبيكان،
_c2004.
300 _a756ص
650 1 7 _aالقرآن المجيد
650 1 7 _aاليهود
650 1 7 _aالتوراة
650 1 7 _aالكتب المقدسة
650 1 7 _aقصص القرآن
942 _2ddc
_cBK
999 _c96403
_d96403